Návrh opatrení na zlepšenie systému motivácie výrobných zamestnancov v podniku Protherm Production, s.r.o.
Enregistré dans:
| Auteur principal: | |
|---|---|
| Autres auteurs: | |
| Format: | Manuscrit Livre |
| Langue: | slovaque |
| Publié: |
2015
|
| Sujets: | |
| Accès en ligne: | http://is.stuba.sk/zp/portal_zp.pl?podrobnosti=96170 |
| Tags: |
Pas de tags, Soyez le premier à ajouter un tag!
|
MARC
| LEADER | 00000ntm a22000003a 4500 | ||
|---|---|---|---|
| 001 | stuzp49904 | ||
| 003 | SK-STU | ||
| 005 | 20160719153421.2 | ||
| 007 | ta | ||
| 008 | 150427s2015----xo-----f-mn---000-0-slo-d | ||
| 040 | |a STU |b slo | ||
| 041 | 0 | |a slo | |
| 100 | 1 | |a Brunovská, Denisa |u 064000 |4 aut |U MTF Materiálovotechnologická fakulta |T MTF Ústav priemyselného inžinierstva a manažmentu |X 46819 |U M4000 |Y 84 |7 46819 | |
| 242 | 0 | 1 | |a Proposal of measures for improve the motivation system of employees in the company Protherm Production, s. r. o. |y eng |
| 245 | 1 | 0 | |a Návrh opatrení na zlepšenie systému motivácie výrobných zamestnancov v podniku Protherm Production, s.r.o. |
| 260 | |c 2015 | ||
| 650 | 4 | |a výrobní zamestnanci |2 slo | |
| 650 | 4 | |a motivácia |2 slo | |
| 650 | 4 | |a návrhy systému motivácie |2 slo | |
| 650 | 4 | |a proposal of motivation system |2 eng | |
| 650 | 4 | |a employees |2 eng | |
| 650 | 4 | |a motivation |2 eng | |
| 700 | 1 | |a Púčiková, Lenka |4 ths |X 48256 |7 A000048256 | |
| 856 | 4 | |u http://is.stuba.sk/zp/portal_zp.pl?podrobnosti=96170 | |
| 996 | |c M* BP-7326 |l MMSKP |s P |a 0 |w stuzp49904_0001 | ||
| SQL | |a stuzp49904 |b DBP |c SLO |d Návrh opatrení na zlepšenie systému motivácie výrobných zamestnancov v podniku Protherm Production, s.r.o. |e 46819 |f Brunovská, Denisa |g 064000 |h 48256 |i Púčiková, Lenka |j 20150623 |k 173 |l 06 |m http://is.stuba.sk/zp/portal_zp.pl?podrobnosti=96170 |n B-PPP |o 5.2.52. priemyselné inžinierstvo | ||